000 01802nam0a2200373 4500
001 RU\NLR\bibl\1029337
005 20250615000342.0
010 _a5-7638-0672-7
_9500
021 _aRU
_b2006-75720
_93831
035 _a(nilc)RSL-KNO-002980402
035 _a(NLR Aleph) 001016816
090 _a673274
_c673274
100 _a20061127d2006 |||y0rusy50 ca
101 0 _arus
102 _aRU
105 _aa |||||||||
106 _ar
200 1 _aОрганизационно-экономические механизмы здравоохранения крупного города
_eмонография
_fА.С. Ямщиков
_gФедеральное агентство по образованию, Красноярский гос. ун-т, Администрация г. Красноярска
210 _aКрасноярск
_cКрасноярский гос. ун-т
_d2006
215 _a322 с.
_cил.
_d20
320 _aБиблиогр.: с. 263-280 и в подстроч. прим.
606 1 _aЗдравоохранение
_yКраснодарский край
_91177868
_3RU\NLR\auth\66155891
610 0 _aЗдравоохранение. Медицинские науки -- Организация здравоохранения -- Российская Федерация -- Экономика здравоохранения -- Пособие для специалистов
686 _aР11(2)к4,0
_2rubbk
686 _aР11(2Р-4Кра)
700 1 _4070
_7ca
_8rus
_aЯмщиков
_bА. С.
_f1973-
_gАндрей Сергеевич
_92647870
_3RU\NLR\AUTH\770275903
801 0 _aRU
_bРКП
_c20061127
_grcr
801 1 _aRU
_bРГБ
_c20061127
801 2 _aRU
_bNLR
_c20070111
_grcr
942 _cBOOK
980 _aNB
980 _aNBR